| 000 | 00618cam a2200241 4500 | ||
|---|---|---|---|
| 001 | J87001 | ||
| 008 | 090401t1997 xxu||||| |||| 00| 0 eng d | ||
| 035 | _a(Sirsi) u81405 | ||
| 041 | _aeng | ||
| 050 | _a333.335 | ||
| 110 | _aMinistry of Agriculture Fisheries and Food | ||
| 245 | _aAgricultural land prices in England 1995/96. | ||
| 260 |
_aLondon _bMAFF _c1997 |
||
| 300 | _a17p. : ill.,maps ; 30cm. | ||
| 350 | _a0 | ||
| 490 |
_aMAFF Statistics _v145/97 |
||
| 650 | _aFARM LAND | ||
| 650 | _aFARMLAND PRICES | ||
| 650 | _aLAND PRICES | ||
| 690 | _aRURAL PRACTICE | ||
| 942 | _n0 | ||
| 948 | _c13/10/1997 | ||
| 999 |
_c96711 _d96711 |
||